[Event "GER Schools Cup g/7'+3\""]
[Site "Playchess.com INT"]
[Date "2004.02.04"]
[Round "2"]
[White "Boettger, Lukas"]
[Black "Panchen, Mischa"]
[Result "1-0"]
[WhiteElo "1719"]
[BlackElo "1202"]
[PlyCount "39"]
[EventDate "2004.01.23"]
[EventType "team (blitz)"]
[EventRounds "12"]
[EventCountry "GER"]
[SourceTitle "EXT 2005"]
[Source "ChessBase"]
[SourceDate "2004.11.15"]
[SourceVersion "1"]
[SourceVersionDate "2004.11.15"]
[SourceQuality "1"]

1. e4 e5 2. Nf3 Nf6 3. Nc3 Nc6 4. Bb5 Bc5 5. 0-0 0-0 6. Nxe5 Nxe5 7. d4 Bxd4 8. Qxd4 d6 9. Bg5 Qe7 10. Nd5 Qe6 11. Bxf6 gxf6 12. Be2 Kh8 13. Nxc7 Rb8 14. Nxe6 Bxe6 15. f4 Ng4 16. Bxg4 Bxg4 17. Qxf6+ Kg8 18. Qg5+ Kh8 19. Qxg4 Rg8 20. Qd7 1-0

[Event "GER Schools Cup g/7'+3\""]
[Site "Playchess.com INT"]
[Date "2004.02.04"]
[Round "1"]
[White "Panchen, Mischa"]
[Black "Paehtz, Elisabeth"]
[Result "0-1"]
[WhiteElo "1202"]
[BlackElo "2292"]
[PlyCount "72"]
[EventDate "2004.01.23"]
[EventType "team (blitz)"]
[EventRounds "12"]
[EventCountry "GER"]
[SourceTitle "EXT 2005"]
[Source "ChessBase"]
[SourceDate "2004.11.15"]
[SourceVersion "1"]
[SourceVersionDate "2004.11.15"]
[SourceQuality "1"]

1. e4 c5 2. Nf3 d6 3. Bc4 e6 4. Nc3 a6 5. 0-0 b5 6. Be2 Bb7 7. d4 cxd4 8. Nxd4 Nf6 9. Qd3 Nbd7 10. Bf4 e5 11. Bg5 exd4 12. Qxd4 Be7 13. Bg4 Ne5 14. Qd1 Nexg4 15. Qf3 Ne5 16. Qe2 0-0 17. Rfd1 Qc7 18. Nd5 Nxd5 19. exd5 Bxg5 20. Qh5 Bf6 21. Qh3 Qxc2 22. Rab1 Qg6 23. Qc3 Ng4 24. Qc7 Bc8 25. Qxd6 Nxf2 26. Kxf2 Bh4+ 27. Kg1 Qxd6 28. Rd4 Bf6 29. Rg4 Bxg4 30. Rc1 Bd4+ 31. Kh1 Qf4 32. Rd1 Bxd1 33. h3 Qf1+ 34. Kh2 Be5+ 35. g3 Qf2+ 36. Kh1 Bf3# 0-1

[Event "GER Schools Cup g/7'+3\""]
[Site "Playchess.com INT"]
[Date "2004.02.04"]
[Round "4"]
[White "Seifert, Volker"]
[Black "Panchen, Mischa"]
[Result "1-0"]
[WhiteElo "2220"]
[BlackElo "1200"]
[PlyCount "31"]
[EventDate "2004.01.23"]
[EventType "team (blitz)"]
[EventRounds "12"]
[EventCountry "GER"]
[SourceTitle "EXT 2005"]
[Source "ChessBase"]
[SourceDate "2004.11.15"]
[SourceVersion "1"]
[SourceVersionDate "2004.11.15"]
[SourceQuality "1"]

1. b3 e5 2. Bb2 Nc6 3. c4 Nf6 4. e3 Bb4 5. a3 Ba5 6. b4 Bxb4 7. axb4 Nxb4 8. d3 d6 9. Qa4+ Nc6 10. Nd2 0-0 11. Ngf3 Bf5 12. Be2 e4 13. dxe4 Nxe4 14. Nxe4 Bxe4 15. 0-0 Qf6 16. Bxf6 1-0